Hospodárenie v zdravotných poisťovniach

Pluralitný systém slovenských zdravotných poisťovní. Legislatívny rámec pre činnosť zdravotných poisťovní na Slovensku. Hlavné ukazovatele poisťovní: príjmy z poistného, štruktúra poistencov, celkové úhrady zdravotných poisťovní za zdravotnú starostlivosť za 1. polrok 1997.

Guardado en:
Detalles Bibliográficos
Autor principal: Olexa, Milan
Otros Autores: Hučková, Viera
Formato: Capítulo de libro
Lenguaje:eslovaco
Materias:
Etiquetas: Agregar Etiqueta
Sin Etiquetas, Sea el primero en etiquetar este registro!

MARC

LEADER 00000naa a2200000 4500
001 r028155
005 20251104124458.6
041 0 |a slo 
044 |a SK 
245 1 0 |a Hospodárenie v zdravotných poisťovniach  |c M. Olexa, Viera Hučková 
520 |a Pluralitný systém slovenských zdravotných poisťovní. Legislatívny rámec pre činnosť zdravotných poisťovní na Slovensku. Hlavné ukazovatele poisťovní: príjmy z poistného, štruktúra poistencov, celkové úhrady zdravotných poisťovní za zdravotnú starostlivosť za 1. polrok 1997. 
610 2 0 |a poistenie zdravotné 
610 2 0 |a poisťovne zdravotné 
610 2 0 |a Slovensko 
610 2 0 |a legislatíva 
610 2 0 |a poistné 
610 2 0 |a 1997 
610 2 0 |a poistníci 
100 1 |a Olexa, Milan 
700 1 |a Hučková, Viera